Paměť místa / místo paměti : ...... [ Almanach u příležitosti rekonstrukce opavské Hlásky v roce 2006 ] /

Salvato in:
Dettagli Bibliografici
Autori principali: Ausficír, Jiří (Autore), Bittner, Petr (Autore), Bouchal, Rostislav (Autore)
Natura: Libro
Lingua:ceco
Pubblicazione: Opava : Ing. Pekárek - stavební společnost, 2006
Edizione:1. vydanie
Soggetti:
Tags: Aggiungi Tag
Nessun Tag, puoi essere il primo ad aggiungerne!!

MARC

LEADER 00000nam a22000003a 4500
001 0078202
003 SK-STU
005 20191205180248.5
007 ta
008 191205s ----xo-----e------000-0-----d
040 |a STU  |b slo 
041 0 |a cze 
044 |a xr 
100 1 |a Ausficír, Jiří  |4 aut 
245 1 0 |a Paměť místa / místo paměti :  |b ...... [ Almanach u příležitosti rekonstrukce opavské Hlásky v roce 2006 ] /  |c aut. Jiří Ausficír, Petr Bittner, Rostislav Bouchal 
250 |a 1. vydanie 
260 |a Opava :  |b Ing. Pekárek - stavební společnost,  |c 2006 
300 |a 152 s. 
650 0 7 |a občianske stavby 
650 0 7 |a architektonické pamiatky 
650 0 7 |a radnica 
650 0 7 |a veža 
650 0 7 |a rekonštrukcia 
700 1 |a Bittner, Petr  |4 aut 
700 1 |a Bouchal, Rostislav  |4 aut 
996 |b 284AU08227  |c A* 11487/U  |l AAKNAR  |s A  |a 24  |w 0078202_0001